Tìm hiểu vai trò lãnh đạo của Đảng đối với sự nghiệp cách mạng Việt Nam

Zapisane w:
Opis bibliograficzny
1. autor: Đinh, Xuân Lý
Format: Książka
Język:Undetermined
Wydane: Hà Nội Chính trị Quốc gia 2005
Hasła przedmiotowe:
Etykiety: Dodaj etykietę
Nie ma etykietki, Dołącz pierwszą etykiete!
Thư viện lưu trữ: Trung tâm Học liệu Trường Đại học Cần Thơ
LEADER 00642nam a2200193Ia 4500
001 CTU_74618
008 210402s9999 xx 000 0 und d
020 |b 37000 
082 |a 324.2597075 
082 |b L600 
100 |a Đinh, Xuân Lý 
245 0 |a Tìm hiểu vai trò lãnh đạo của Đảng đối với sự nghiệp cách mạng Việt Nam 
245 0 |c Đinh Xuân Lý chủ biên 
260 |a Hà Nội 
260 |b Chính trị Quốc gia 
260 |c 2005 
650 |a Communism,Political parties,Socialism 
904 |i Tuyến 
980 |a Trung tâm Học liệu Trường Đại học Cần Thơ